| 000 | 03111nam a2200469 u 4500 | ||
|---|---|---|---|
| 001 | 1389193 | ||
| 005 | 20260508085736.0 | ||
| 008 | 141022s2014 spa | ||
| 020 | _a9786075193724 | ||
| 020 | _a9786075193731 | ||
| 035 | _a1389193 | ||
| 040 | _ccomduadb | ||
| 041 | _aspa | ||
| 082 | 4 | _a624 | |
| 100 | 1 | 0 |
_aDas, Braja M., _d1941- _4aut _0(viaf)109229269 _eaut _9391963 |
| 245 | 1 | 0 | _aFundamentos de ingeniería geotécnica |
| 250 | _a4. edición. | ||
| 260 |
_aMéxico : _bThomson Learning, _c2014. |
||
| 300 |
_axix, 636 páginas : _bilustraciones. |
||
| 505 | _aCONTENIDO: Prefacio. -- 1: Ingeniería geotécnica: desde el principio. -- 2: Origen de los depósitos del suelo, tamaño de grano y forma. -- 3: Relaciones peso-volumen y plasticidad. -- 4: Clasificación de suelos. -- 5: Compactación de suelos. -- 6: Conductividad hidráulica. -- 7: Filtración 8: Esfuerzos en una masa de suelo. -- 9: Consolidación. -- 10: Resistencia cortante del suelo. -- 11: Mejoramiento del suelo. -- 12: Exploración del subsuelo. -- 13: Estabilidad de taludes. -- 14: Presión lateral de tierra. -- 15: Muros de contención y cortes apuntalados. -- 16: cimentaciones poco profundas: capacidad de carga. -- 17: Asentamiento de cimentaciones poco profundas. -- 18: Pilotes de cimentación. -- 19: Pozos perforados. -- Apéndice: Geosintéticos. -- Respuestas a problemas seleccionados. -- Índice. | ||
| 520 | 3 | _aRESUMEN: Fundamentos de Ingeniería Geotécnica es una combinación concisa de los componentes esenciales de los principales textos de Braja M. Das, Principios de Ingeniería Geotécnica y Principios de Ingeniería de Cimentaciones. El texto incluye los conceptos fundamentales de mecánica de suelos, así como técnicas de cimentación sin estar lleno de detalles y alternativas excesivos. Esta obra cuenta con una gran cantidad de ejemplos prácticos, así como figuras para ayudar a los estudiantes con la teoría y las habilidades de resolución de problemas. Das mantiene el delicado equilibrio de la investigación actual y prácticas aplicaciones de campo que ha hecho sus libros líderes en esta área. | |
| 650 |
_aGeotécnica _964653 |
||
| 650 |
_aGranulometría _9112650 |
||
| 650 | 7 |
_aSuelos _vClasificación _2lemb _937786 |
|
| 650 | 7 |
_aCimentaciones _2lemb _924784 |
|
| 650 | 7 |
_aMecánica de rocas _2lemb _915896 |
|
| 650 |
_aCompactación del suelo _931554 |
||
| 650 |
_aConductividad hidráulica _917887 |
||
| 650 |
_aFiltración _94491 |
||
| 650 |
_aEstabilidad de taludes _955460 |
||
| 650 |
_aMuros de contención _9608 |
||
| 650 |
_aPilotes (Ingeniería civil) _944 |
||
| 650 |
_aPozos - Diseño y construcción _935536 |
||
| 650 |
_aGeología aplicada _946315 |
||
| 650 |
_aEstructura de suelos _972605 |
||
| 650 | 7 |
_aSuelos _2lemb _92445 |
|
| 650 | 7 |
_aMecánica de suelos _2lemb _92690 |
|
| 700 | 1 | 0 |
_aLeón Cárdenas, Javier _4trl _0(viaf)73652005 _etrl _9396286 |
| 700 | 1 | 0 |
_aGarcía Maraver, Leticia _4rev _erev _9711589 |
| 856 | 4 | _uhttp://aplicacionesbiblioteca.udea.edu.co:2048/login?url=http://www.ebooks7-24.com/?il=825 | |
| 942 | _cBOOK | ||
| 999 |
_c702753 _d702753 |
||